000 00697nam a22002057a 4500
005 20251108165806.0
008 250721s9999 xx 000 0 ara d
082 1 4 _aط/ 616.02
100 1 _aيونس، أحمد السعيد
245 1 0 _aالإسعافات الأوليه /
264 1 _aالقاهره :
_bدار الفكر العربي،
_c[19-].
300 _a16ص.
490 0 _aالمعرفة الطبية للناشئة
_v2
650 1 7 _aالإسعاف الأولي
650 1 7 _aصناديق الإسعافات الأولية
653 _aأطفال مرحلة متوسطة (6-9 سنوات)
700 1 _aالخضري، رواية محمد
942 _2ddc
_cBK
999 _c31397
_d31397